| 000 | 00889cam a2200265 i 4500 | ||
|---|---|---|---|
| 001 | 1031 | ||
| 005 | 20231124100900.0 | ||
| 020 | _a9780590461214 | ||
| 040 |
_aDLC _cDLC _dDLC _beng |
||
| 050 | 0 | 0 |
_aPZ7.A2615 _bCam 1980 |
| 082 | 0 | 0 | _aFic |
| 100 | 1 | _aAdler, David A. | |
| 245 | 1 | 0 |
_aCam Jansen and the mystery of the stolen diamonds / _cDavid A. Adler ; illustrated by Susanna Natti. |
| 260 |
_aNew York : _bScholastic, _c1980 |
||
| 300 |
_a58 pages : _billustrations ; _c20 cm |
||
| 490 | 1 |
_aCam Jansen adventure ; _vBook 1 |
|
| 505 | _aN | ||
| 520 | _aA fifth-grader with a photographic memory and her friend Eric help solve the mystery of the stolen diamonds. | ||
| 521 |
_a590
_bLexile |
||
| 521 |
_aN
_bRaz-Plus |
||
| 650 | 1 | _aMystery and detective stories. | |
| 700 | 1 | _aNatti, Susanna. | |
| 906 |
_a7 _bcbc _corignew _d1 _eocip _f19 _gy-gencatlg |
||
| 942 |
_2ddc _cBK _n0 |
||
| 999 |
_c1031 _d1031 |
||